[Event "12. OSIJEK OPEN "]
[Site "Osijek"]
[Date "2019.02.22"]
[Round "3.7"]
[White "Vurdelja, Slavko"]
[Black "Horvat, David"]
[Result "0-1"]
[WhiteElo "1840"]
[BlackElo "2183"]
[PlyCount "74"]
[EventDate "2019.02.21"]

1. e4 c5 2. Nf3 d6 3. d4 cxd4 4. Nxd4 Nf6 5. Nc3 a6 6. Be2 e5 7. Nb3 Be7 8. O-O
O-O 9. Bg5 Nbd7 10. Qd2 b5 11. a3 Bb7 12. f3 Rc8 13. Rac1 h6 14. Be3 Qc7 15.
Rfd1 Rfd8 16. Qe1 Nh5 17. g3 Rf8 18. f4 Nhf6 19. Bf3 Nb6 20. Bxb6 Qxb6+ 21. Kg2
Rfe8 22. fxe5 dxe5 23. Qe2 Bxa3 24. Rb1 Bxb2 25. Nxb5 axb5 26. Rxb2 Rc3 27. Rd3
Rec8 28. h3 R8c4 29. Rxc3 Rxc3 30. Nd2 Qd4 31. Nb3 Qb4 32. Rb1 Nxe4 33. Kh2
Nxg3 34. Qxe5 Rxf3 35. Qb8+ Kh7 36. Qxb7 Qf4 37. Qd7 Nf1+ 0-1

[Event "12. OSIJEK OPEN "]
[Site "Osijek"]
[Date "2019.02.22"]
[Round "3.8"]
[White "Marjanovic, Annamaria"]
[Black "Borzan, Andrej"]
[Result "1-0"]
[WhiteElo "2320"]
[BlackElo "1900"]
[PlyCount "79"]
[EventDate "2019.02.21"]

1. c4 c5 2. g3 Nf6 3. Bg2 Nc6 4. Nc3 e6 5. Nf3 d5 6. cxd5 exd5 7. d4 Be6 8. O-O
h6 9. Bf4 a6 10. h3 Bd6 11. Bxd6 Qxd6 12. dxc5 Qxc5 13. Rc1 Qe7 14. Nd4 O-O 15.
Nxc6 bxc6 16. Na4 Bd7 17. Nc5 Rfc8 18. e3 Bf5 19. Qd4 Nd7 20. Nxd7 Qxd7 21. Kh2
Rab8 22. Rc5 Rb5 23. Rfc1 Rxc5 24. Rxc5 Qb7 25. b3 Re8 26. Qa4 Re6 27. Bf1 Qb6
28. Ra5 Re4 29. Qa3 Bc8 30. Bxa6 Bxa6 31. Rxa6 Qb5 32. Ra8+ Kh7 33. Qa6 Qc5 34.
Qa7 Qc2 35. Qxf7 Re7 36. Qf3 Re6 37. Rf8 Rf6 38. Rxf6 gxf6 39. Qxf6 Qxa2 40.
Kg2 1-0

[Event "12. OSIJEK OPEN "]
[Site "Osijek"]
[Date "2019.02.22"]
[Round "3.9"]
[White "Ljikar, Zoran"]
[Black "Turicar, Goran"]
[Result "1-0"]
[WhiteElo "2205"]
[BlackElo "1866"]
[PlyCount "89"]
[EventDate "2019.02.21"]

1. e4 c5 2. Nc3 e6 3. g3 a6 4. Bg2 Nc6 5. d3 Nf6 6. f4 d6 7. Nf3 Be7 8. O-O O-O
9. h3 Qc7 10. g4 Rb8 11. f5 b5 12. Bf4 b4 13. Na4 e5 14. Bh2 Bd7 15. b3 Nd4 16.
Nb2 Bb5 17. a4 bxa3 18. Rxa3 a5 19. Nxd4 cxd4 20. Qd2 Rfc8 21. Nc4 Bxc4 22.
bxc4 Bd8 23. g5 Nd7 24. f6 Nc5 25. h4 Rb7 26. fxg7 Kxg7 27. Qe2 Rcb8 28. Qh5
Rb1 29. Ra1 Rxa1 30. Rxa1 Qd7 31. Rf1 Rb7 32. Qf3 Qa4 33. Qh5 Qxc2 34. Bh3 Qxd3
35. Bf5 Qxc4 36. Qh6+ Kg8 37. Bxh7+ Kh8 38. Bg6+ Kg8 39. Qh7+ Kf8 40. Qh8+ Ke7
41. Rxf7+ Qxf7 42. Bxf7 Kxf7 43. Qxd8 Rd7 44. Qxa5 Nxe4 45. Qd5+ 1-0

[Event "12. OSIJEK OPEN"]
[Site "Osijek"]
[Date "2019.02.22"]
[Round "3.10"]
[White "Lalic, Kristijan"]
[Black "Tomasic, Dragutin"]
[Result "1-0"]
[WhiteElo "2196"]
[BlackElo "1837"]
[PlyCount "45"]
[EventDate "2019.02.21"]

1. e4 c6 2. d4 d5 3. e5 g6 4. Bd3 e6 5. Ne2 Nd7 6. O-O c5 7. c3 Ne7 8. Nd2 Nc6
9. f4 f5 10. exf6 Qxf6 11. Nf3 Bg7 12. Be3 c4 13. Bc2 O-O 14. Qd2 Re8 15. Rf2
Ne7 16. g4 Nf8 17. Ne5 Qh4 18. Rg2 Nc6 19. g5 Bxe5 20. fxe5 h6 21. gxh6 Qh5 22.
Nf4 Qxh6 23. Nxg6 1-0

[Event "12. OSIJEK OPEN "]
[Site "Osijek"]
[Date "2019.02.22"]
[Round "3.11"]
[White "Nikic, Patrick"]
[Black "Matanovic, Pavo"]
[Result "1-0"]
[WhiteElo "2072"]
[BlackElo "1809"]
[PlyCount "97"]
[EventDate "2019.02.21"]

1. e4 e5 2. Nf3 Nc6 3. Bb5 a6 4. Ba4 Nf6 5. O-O b5 6. Bb3 Be7 7. Re1 d6 8. c3
O-O 9. h3 Na5 10. Bc2 c5 11. d4 Qc7 12. Nbd2 Bd7 13. Nf1 Rfc8 14. d5 Nb7 15.
Ng3 Nd8 16. Nh2 Ne8 17. Qf3 f6 18. Ng4 Nf7 19. Nf5 Bf8 20. h4 Qd8 21. h5 Ng5
22. Qg3 Kh8 23. f4 exf4 24. Bxf4 Bxf5 25. exf5 Nf7 26. h6 Ne5 27. hxg7+ Bxg7
28. Qh4 Ra7 29. Re3 c4 30. Rh3 Bf8 31. Re1 Rg7 32. Nf2 Qd7 33. Ree3 Qb7 34. Be4
Rcc7 35. Bxe5 fxe5 36. f6 Rgf7 37. Ref3 Nxf6 38. Rxf6 Be7 39. Rhf3 Rg7 40. Rf8+
Bxf8 41. Rxf8+ Rg8 42. Rxg8+ Kxg8 43. Qd8+ Kg7 44. Qxd6 Re7 45. Ng4 Qa7+ 46.
Kh2 Kf8 47. Qh6+ Ke8 48. Nf6+ Kd8 49. Qf8+ 1-0

[Event "12. OSIJEK OPEN "]
[Site "Osijek"]
[Date "2019.02.22"]
[Round "3.12"]
[White "Mandic, Bojan"]
[Black "Matota, Dominik"]
[Result "0-1"]
[WhiteElo "2003"]
[BlackElo "1530"]
[PlyCount "76"]
[EventDate "2019.02.21"]

1. e4 e5 2. Nf3 Nc6 3. Bc4 Bc5 4. b4 Bxb4 5. c3 Ba5 6. d4 exd4 7. O-O d6 8. Qb3
Qe7 9. cxd4 Bd7 10. Nc3 O-O-O 11. Re1 Bxc3 12. Qxc3 f6 13. Rb1 Re8 14. Ba3 Qd8
15. d5 Ne5 16. Nxe5 fxe5 17. Bxd6 cxd6 18. Ba6+ Qc7 19. Qe3 Qa5 20. Rec1+ Kd8
21. Bxb7 Nf6 22. Qg5 Rhg8 23. Bc6 Bxc6 24. Rxc6 Qxa2 25. Rxd6+ Ke7 26. Re6+ Kd7
27. Rc1 Qxf2+ 28. Kh1 Rxe6 29. dxe6+ Kxe6 30. Rc6+ Kd7 31. Qc1 Nxe4 32. Rc7+
Ke6 33. Qc6+ Kf5 34. Qd7+ Kg5 35. Qe7+ Nf6 36. Qxe5+ Kg6 37. Qa1 Re8 38. Qb1+
Qf5 0-1

[Event "12. OSIJEK OPEN "]
[Site "Osijek"]
[Date "2019.02.22"]
[Round "3.13"]
[White "Bevanda, Ema"]
[Black "Dubrovic, Mihovil"]
[Result "1-0"]
[WhiteElo "1634"]
[BlackElo "1911"]
[PlyCount "105"]
[EventDate "2019.02.21"]

1. d4 e6 2. Bf4 Nf6 3. e3 b6 4. Nf3 Bb7 5. Nbd2 Be7 6. h3 h6 7. Bd3 d6 8. c3
Nbd7 9. Qe2 g6 10. e4 c5 11. Nc4 Nf8 12. dxc5 bxc5 13. Rd1 d5 14. Nce5 N8d7 15.
Bb5 Kf8 16. Nxd7+ Nxd7 17. exd5 exd5 18. O-O a6 19. Ba4 Bf6 20. Rfe1 Nb6 21.
Bc2 Kg7 22. Qe3 Rc8 23. Ne5 Bg5 24. Bxg5 Qxg5 25. Qxg5 hxg5 26. Nxg6 Rhe8 27.
Ne7 Rcd8 28. Nf5+ Kf8 29. Rxe8+ Rxe8 30. Nd6 Re7 31. Nxb7 Rxb7 32. Re1 Re7 33.
Rxe7 Kxe7 34. b3 Kf6 35. Kf1 Ke5 36. Ke2 d4 37. cxd4+ Kxd4 38. Kd2 Nd5 39. a3
a5 40. g3 f6 41. h4 Ne7 42. h5 Ng8 43. Bh7 Nh6 44. Bd3 f5 45. f3 f4 46. g4 Ng8
47. Bc4 Nh6 48. a4 Ke5 49. Kd3 Kd6 50. Ke4 Kc6 51. Ke5 Kc7 52. Kf6 Kd6 53. Kxg5
1-0

[Event "12. OSIJEK OPEN "]
[Site "Osijek"]
[Date "2019.02.22"]
[Round "3.14"]
[White "Kovac, Petar"]
[Black "Tomasic, Roland"]
[Result "0-1"]
[WhiteElo "1795"]
[BlackElo "2157"]
[PlyCount "60"]
[EventDate "2019.02.21"]

1. d4 f5 2. c4 Nf6 3. Nc3 d6 4. Nf3 g6 5. g3 Bg7 6. Bg2 O-O 7. O-O c6 8. b3 Qa5
9. Qc2 e5 10. Bd2 Qc7 11. Rfd1 e4 12. Ne1 Na6 13. a3 Qe7 14. b4 Ng4 15. h3 Nf6
16. c5 d5 17. Bf4 Ne8 18. b5 Nac7 19. bxc6 bxc6 20. Qa4 g5 21. Bxc7 Qxc7 22. f3
Nf6 23. g4 fxg4 24. fxe4 gxh3 25. exd5 Qf4 26. Rd3 hxg2 27. Nxg2 Qg4 28. Qxc6
Bf5 29. Rf3 Nh5 30. Rd1 Nf4 0-1

[Event "12. OSIJEK OPEN"]
[Site "Osijek"]
[Date "2019.02.22"]
[Round "3.15"]
[White "Grguric, Stjepan-Kresimir"]
[Black "Ljubicic, Ninoslav"]
[Result "1/2-1/2"]
[WhiteElo "2119"]
[BlackElo "1763"]
[PlyCount "83"]
[EventDate "2019.02.21"]

1. e4 g6 2. d4 Bg7 3. Nf3 e6 4. Bg5 Ne7 5. Bd3 d6 6. h4 Nd7 7. h5 h6 8. hxg6
fxg6 9. Be3 e5 10. Qd2 Ng8 11. Nc3 exd4 12. Nxd4 Ne5 13. Bb5+ c6 14. Ba4 Nc4
15. Qe2 Nxe3 16. Qxe3 Bd7 17. O-O-O Qa5 18. Rhe1 O-O-O 19. Qg3 Qg5+ 20. Qxg5
hxg5 21. Nf3 g4 22. Nd4 Rh2 23. Rg1 Kc7 24. Bb3 Rf8 25. f3 Bh6+ 26. Kb1 Be3 27.
Ndb5+ Kb6 28. Rge1 Bf2 29. Rf1 Rxg2 30. Nxd6 gxf3 31. Nc4+ Kc7 32. Ne5 Bc8 33.
Nxf3 Rxf3 34. Bxg8 Rf8 35. Bc4 b5 36. Bd3 Bc5 37. Rxf8 Bxf8 38. Ne2 g5 39. Rg1
Rxg1+ 40. Nxg1 Bg4 41. Kc1 Kd6 42. Kd2 1/2-1/2

[Event "12. OSIJEK OPEN "]
[Site "Osijek"]
[Date "2019.02.22"]
[Round "3.16"]
[White "Cubelić, Milan"]
[Black "Ivekovic, Zvjezdana"]
[Result "1/2-1/2"]
[WhiteElo "2092"]
[BlackElo "1715"]
[PlyCount "146"]
[EventDate "2019.02.21"]

1. e4 c6 2. d3 d5 3. Nd2 e5 4. g3 Bd6 5. Bg2 Ne7 6. h3 O-O 7. Ne2 f5 8. exf5
Bxf5 9. O-O Nd7 10. d4 Nf6 11. dxe5 Bxe5 12. Nf3 Bd6 13. Ned4 Bd7 14. Ng5 Qb6
15. Kh2 h6 16. Nge6 Rf7 17. Nf4 Bc5 18. Nfe2 Ng6 19. f4 Re8 20. c3 Bd6 21. Nf3
Rfe7 22. Neg1 Qc7 23. Qd3 Ne4 24. Nd4 Nf8 25. Bxe4 Rxe4 26. Bd2 Ne6 27. Nxe6
Bxe6 28. Rae1 Bf5 29. Rxe4 Rxe4 30. Qf3 Qe7 31. b4 d4 32. cxd4 Rxd4 33. Qf2 Qe4
34. Nf3 Rd3 35. Nh4 Be6 36. Re1 Qd5 37. Re2 Qxa2 38. Be3 Qb1 39. f5 Bd5 40. Re1
Qxb4 41. f6 Qxh4 42. fxg7 Bxg3+ 43. Qxg3 Qxg3+ 44. Kxg3 Kxg7 45. Kf4 Rb3 46.
Kf5 a6 47. h4 Rb4 48. Bf4 Kf7 49. Rg1 a5 50. Bxh6 Rxh4 51. Bg5 Rb4 52. Re1 Bb3
53. Re7+ Kf8 54. Kf6 Rb6 55. Bh6+ Kg8 56. Be3 c5+ 57. Ke5 Rb5 58. Kf6 a4 59.
Re8+ Kh7 60. Re7+ Kh8 61. Re8+ Bg8 62. Ra8 Rb6+ 63. Ke5 Re6+ 64. Kf4 Rxe3 65.
Kxe3 b5 66. Kd2 Kg7 67. Rc8 a3 68. Rxc5 b4 69. Ra5 Kf6 70. Ra4 Bb3 71. Rxb4 a2
72. Rb6+ Ke5 73. Ra6 Kd4 1/2-1/2

[Event "12. OSIJEK OPEN "]
[Site "Osijek"]
[Date "2019.02.22"]
[Round "3.17"]
[White "Maroslavac, Ivana"]
[Black "Kovacevic, Srecko"]
[Result "1/2-1/2"]
[WhiteElo "1753"]
[BlackElo "2087"]
[PlyCount "135"]
[EventDate "2019.02.21"]

1. e4 c6 2. d4 d5 3. exd5 cxd5 4. Bd3 Nc6 5. c3 Nf6 6. Bf4 Bg4 7. Nf3 Rc8 8.
Nbd2 e6 9. h3 Bh5 10. O-O Bd6 11. Bxd6 Qxd6 12. Qb3 Qc7 13. Rfe1 O-O 14. Rac1
Na5 15. Qc2 Nc4 16. Ne5 Bg6 17. Nxg6 hxg6 18. Nf3 Nh5 19. g3 Nf6 20. Ng5 Rfe8
21. Re2 e5 22. Bxc4 dxc4 23. dxe5 Rxe5 24. Rxe5 Qxe5 25. Nf3 Qd5 26. Nd4 Ne4
27. Re1 Ng5 28. Kh2 Qd7 29. g4 Qd6+ 30. Kg2 Qd5+ 31. f3 Nh7 32. Qe4 Nf6 33. Qe5
Rd8 34. Qxd5 Nxd5 35. Kg3 Kf8 36. Ne2 Nb6 37. Nd4 Na4 38. Re2 a6 39. Rc2 b5 40.
a3 Rb8 41. Kf2 Ke8 42. Ke1 Kd7 43. Kd1 Kd6 44. Re2 Rb7 45. Kc1 Re7 46. Kc2
Rxe2+ 47. Nxe2 Ke5 48. b3 Nc5 49. bxc4 bxc4 50. Kd2 Ne6 51. Ke3 g5 52. Kd2 g6
53. Ke3 f5 54. Kd2 Nf4 55. Ng1 Kd6 56. Ke3 Kc5 57. Kd2 Kb5 58. Kc2 Ka4 59. Kb2
Nd3+ 60. Ka2 Nc1+ 61. Kb2 Nd3+ 62. Ka2 f4 63. Ne2 Ne1 64. Nd4 Ka5 65. Kb1 Ka4
66. Ka2 Ka5 67. Kb1 Ka4 68. Ka2 1/2-1/2

[Event "12. OSIJEK OPEN"]
[Site "Osijek"]
[Date "2019.02.22"]
[Round "3.18"]
[White "Biljcevic, Miodrag"]
[Black "Grguric, Damir"]
[Result "1-0"]
[WhiteElo "1741"]
[BlackElo "1991"]
[PlyCount "40"]
[EventDate "2019.02.21"]

1. d4 Nf6 2. Nf3 e6 3. e3 b6 4. Bd3 Bb7 5. Nbd2 d5 6. b3 Be7 7. Bb2 Nbd7 8. Ne5
a6 9. a4 c5 10. O-O Qc7 11. Rc1 Bd6 12. f4 g6 13. Nxd7 Qxd7 14. dxc5 Be7 15.
cxb6 Rg8 16. Nf3 Ng4 17. Qe2 f6 18. h3 Nh6 19. e4 Kf7 20. Bd4 Rgd8 1-0

[Event "12. OSIJEK OPEN "]
[Site "Osijek"]
[Date "2019.02.22"]
[Round "3.19"]
[White "Mravunac, Branko"]
[Black "Ronta, Ivan"]
[Result "0-1"]
[WhiteElo "1983"]
[BlackElo "1711"]
[PlyCount "65"]
[EventDate "2019.02.21"]

1. e4 d5 2. exd5 Nf6 3. Bb5+ Bd7 4. Bxd7+ Qxd7 5. c4 c6 6. dxc6 Nxc6 7. Nf3 e5
8. O-O e4 9. Ne1 Rd8 10. Nc2 Bc5 11. Nc3 O-O 12. h3 Rfe8 13. Rb1 a5 14. b3 Ne5
15. Na4 Nf3+ 16. Kh1 Ba7 17. c5 Re5 18. Ne1 Ng5 19. f4 exf3 20. Nxf3 Nxf3 21.
Qxf3 Ne4 22. d4 Rf5 23. Bf4 Nd2 24. Bxd2 Rxf3 25. Rxf3 Qxd4 26. Bxa5 Re8 27.
Bc3 Qd5 28. Rbf1 Re2 29. Bxg7 Qg5 30. R3f2 Rxf2 31. Rxf2 Kxg7 32. b4 Bb8 33. g4
0-1

[Event "12. OSIJEK OPEN "]
[Site "Osijek"]
[Date "2019.02.22"]
[Round "3.20"]
[White "Damjanovic, Stjepan"]
[Black "Oberman, Hotimir"]
[Result "1-0"]
[WhiteElo "1726"]
[BlackElo "1957"]
[PlyCount "141"]
[EventDate "2019.02.21"]

1. e4 e6 2. d4 d5 3. exd5 exd5 4. Bd3 Bd6 5. c3 Ne7 6. Ne2 O-O 7. O-O Bg4 8. f3
Bf5 9. Nf4 Bg6 10. Na3 a6 11. Nc2 c5 12. dxc5 Bxc5+ 13. Be3 Qb6 14. Bxc5 Qxc5+
15. Kh1 Nbc6 16. Bxg6 hxg6 17. Re1 Rad8 18. Nd3 Qd6 19. Qe2 Nf5 20. Rad1 a5 21.
Qf2 Qc7 22. Nc1 g5 23. Nb3 Rd6 24. Kg1 b6 25. Nbd4 Ncxd4 26. Nxd4 Nxd4 27. Qxd4
Qc5 28. Qxc5 bxc5 29. Re5 Rfd8 30. Rxg5 f6 31. Rg4 Kf7 32. Kf2 Rb8 33. b3 c4
34. bxc4 Rb2+ 35. Kg3 Rxa2 36. cxd5 a4 37. c4 Rc2 38. Ra1 Ra6 39. Ra3 f5 40.
Rd4 g5 41. h4 gxh4+ 42. Kxh4 Rxg2 43. Kh3 Rg1 44. Kh2 Rg8 45. Rh4 Rag6 46. Ra2
a3 47. c5 Rg3 48. Rh3 Rg1 49. Rh7+ Kf6 50. f4 R1g4 51. Rh6+ Kg7 52. Rh5 Rxf4
53. Rg5+ Kf7 54. Rxg8 Kxg8 55. Rxa3 Kf7 56. Re3 Rd4 57. d6 f4 58. Re7+ Kf6 59.
Kg2 Rc4 60. Rc7 Kf5 61. d7 Rc2+ 62. Kf3 Rc3+ 63. Ke2 f3+ 64. Kf2 Rd3 65. c6 Kf4
66. Rc8 Rd2+ 67. Ke1 Re2+ 68. Kd1 Ra2 69. d8=Q f2 70. Qf6+ Ke3 71. Rf8 1-0

[Event "12. OSIJEK OPEN "]
[Site "Osijek"]
[Date "2019.02.22"]
[Round "3.21"]
[White "Benes, Miodrag"]
[Black "Ascic, Matos"]
[Result "1/2-1/2"]
[WhiteElo "1867"]
[BlackElo "1703"]
[PlyCount "52"]
[EventDate "2019.02.21"]

1. Nf3 b6 2. g3 Bb7 3. Bg2 Nc6 4. O-O g6 5. e4 Bg7 6. d4 e6 7. Bg5 f6 8. Be3
Nge7 9. c4 Na5 10. Nbd2 Ba6 11. Rc1 d5 12. exd5 exd5 13. b3 Rb8 14. Re1 O-O 15.
Bf4 g5 16. Be3 Bc8 17. h4 g4 18. Nh2 h5 19. Bf4 dxc4 20. bxc4 Ng6 21. Be3 f5
22. Bg5 Bf6 23. Bd5+ Kg7 24. f4 c6 25. Bg2 Qxd4+ 26. Kh1 Bxg5 1/2-1/2

[Event "12. OSIJEK OPEN "]
[Site "Osijek"]
[Date "2019.02.22"]
[Round "3.22"]
[White "Masirevic, Miroljub"]
[Black "Mandaric, Fran"]
[Result "1/2-1/2"]
[WhiteElo "1861"]
[BlackElo "1653"]
[PlyCount "94"]
[EventDate "2019.02.21"]

1. e4 c5 2. Nf3 Nc6 3. d4 cxd4 4. Nxd4 g6 5. Be3 Bg7 6. c3 Nf6 7. Bd3 O-O 8.
O-O d5 9. Nxc6 bxc6 10. Qa4 Qc7 11. f3 Bd7 12. Bc5 Rfe8 13. Qa3 Bf8 14. Nd2 e5
15. Bxf8 Rxf8 16. Qc5 Qb6 17. Qxb6 axb6 18. Rfe1 Rfe8 19. a3 b5 20. Nb3 Be6 21.
Nc5 Nd7 22. Nxe6 fxe6 23. Bc2 Nc5 24. Rad1 Kf7 25. Kf2 Kf6 26. h4 h6 27. Ke3
Rab8 28. Rd2 Na4 29. Bb3 Red8 30. Red1 d4+ 31. cxd4 exd4+ 32. Rxd4 Rxd4 33.
Rxd4 Nxb2 34. Rd6 Nc4+ 35. Bxc4 bxc4 36. Rxc6 Rb3+ 37. Kd4 Rxa3 38. e5+ Kf7 39.
Rxc4 Ra2 40. Rc7+ Kf8 41. Rc8+ Kf7 42. Rc4 Kf8 43. g4 Rd2+ 44. Ke3 Rh2 45. Kf4
Rxh4 46. Kg3 Rh1 47. Kg2 Re1 1/2-1/2

[Event "12. OSIJEK OPEN "]
[Site "Osijek"]
[Date "2019.02.22"]
[Round "3.23"]
[White "Cupic, Tvrtko"]
[Black "Lovakovic, Franjo"]
[Result "1-0"]
[WhiteElo "1714"]
[BlackElo "1859"]
[PlyCount "59"]
[EventDate "2019.02.21"]

1. e4 c5 2. Nf3 d6 3. d4 cxd4 4. Nxd4 Nf6 5. Nc3 a6 6. f3 e5 7. Nb3 Be6 8. Be3
Be7 9. Qd2 O-O 10. O-O-O Bxb3 11. cxb3 b5 12. g4 Qa5 13. Kb1 Nbd7 14. Nd5 Nxd5
15. Qxa5 Nxe3 16. Rc1 Nxf1 17. Rhxf1 Nc5 18. Rfd1 Bg5 19. Rc2 Bd8 20. Qd2 Be7
21. g5 Ne6 22. h4 Nd4 23. Rc7 Bd8 24. Rd7 a5 25. Rxd6 a4 26. bxa4 Rxa4 27. f4
Bc7 28. Rd7 Ne6 29. f5 Ba5 30. Qd5 1-0

[Event "12. OSIJEK OPEN"]
[Site "Osijek"]
[Date "2019.02.22"]
[Round "3.24"]
[White "Radikovic, Anamarija"]
[Black "JuriC, Ester"]
[Result "1-0"]
[WhiteElo "1856"]
[BlackElo "1557"]
[PlyCount "39"]
[EventDate "2019.02.21"]

1. d4 d5 2. Nf3 Nf6 3. Bf4 Bf5 4. e3 e6 5. Bd3 Bxd3 6. Qxd3 h6 7. Qb5+ Nbd7 8.
Qxb7 Bd6 9. b3 O-O 10. O-O Qe7 11. Nbd2 Rfb8 12. Qa6 Rb6 13. Qd3 Bxf4 14. exf4
Qd6 15. Ne5 c5 16. c3 Rc8 17. Rac1 Rb7 18. b4 cxb4 19. c4 Qa6 20. cxd5 1-0

[Event "12. OSIJEK OPEN "]
[Site "Osijek"]
[Date "2019.02.22"]
[Round "3.25"]
[White "Colev, Ivor"]
[Black "Galonja, Igor"]
[Result "1-0"]
[WhiteElo "1685"]
[BlackElo "1856"]
[PlyCount "71"]
[EventDate "2019.02.21"]

1. e4 d5 2. exd5 Nf6 3. Nf3 e5 4. dxe6 Bxe6 5. Nc3 Bd6 6. Bb5+ c6 7. Be2 O-O 8.
O-O Re8 9. d4 Qc7 10. h3 h6 11. Be3 Nbd7 12. Qd2 b5 13. Bd3 b4 14. Na4 Bd5 15.
Be2 Rad8 16. c4 bxc3 17. Nxc3 Be6 18. Rac1 Qb7 19. b3 c5 20. Nb5 Bb8 21. Qb2 a6
22. dxc5 axb5 23. c6 Qc7 24. cxd7 Qxd7 25. Rfd1 Qb7 26. Rxd8 Rxd8 27. Bxh6 Qe4
28. Bg5 Rd5 29. Re1 Rc5 30. Bxf6 Rc2 31. Qb1 Qg6 32. Bg5 Bf5 33. Qd1 Bd6 34.
Bxb5 Rb2 35. Qd4 Be4 36. Qxe4 1-0

[Event "12. OSIJEK OPEN "]
[Site "Osijek"]
[Date "2019.02.22"]
[Round "3.26"]
[White "Franc, Borna"]
[Black "Topalic, Fran"]
[Result "1/2-1/2"]
[WhiteElo "1851"]
[BlackElo "1504"]
[PlyCount "64"]
[EventDate "2019.02.21"]

1. d4 d5 2. Nf3 Nf6 3. e3 e6 4. c4 c6 5. Nc3 Be7 6. Bd3 O-O 7. O-O dxc4 8. Bxc4
b5 9. Bd3 Bb7 10. a3 Nbd7 11. Re1 a6 12. Qc2 c5 13. Ne5 c4 14. Nxd7 Qxd7 15.
Bf1 Rac8 16. Bd2 Rfd8 17. Rad1 a5 18. f3 Bc6 19. Na2 b4 20. Qb1 bxa3 21. Bxa5
Re8 22. Bxc4 Bxf3 23. Bxe6 Qxe6 24. gxf3 axb2 25. Bb4 Bxb4 26. Nxb4 Qb3 27. Nd3
Nd5 28. Qxb2 Qxb2 29. Nxb2 Nxe3 30. Rd3 Nd5 31. Rxe8+ Rxe8 32. Kf2 f6 1/2-1/2

[Event "12. OSIJEK OPEN "]
[Site "Osijek"]
[Date "2019.02.22"]
[Round "3.27"]
[White "Sokcevic, Dario"]
[Black "Jurakic, Lukas"]
[Result "0-1"]
[WhiteElo "1528"]
[BlackElo "1850"]
[PlyCount "46"]
[EventDate "2019.02.21"]

1. e4 c5 2. Nf3 e6 3. d4 cxd4 4. Nxd4 Nf6 5. Bd3 Nc6 6. Nxc6 bxc6 7. O-O d5 8.
exd5 cxd5 9. b3 Bd6 10. Bb2 O-O 11. Nd2 e5 12. f3 Nh5 13. f4 Nxf4 14. Rxf4 exf4
15. Qh5 f5 16. Nf3 Qe8 17. Qh4 Bd7 18. c4 Qe3+ 19. Kh1 Qxd3 20. Qg5 Rf7 21. Re1
dxc4 22. bxc4 Bc6 23. Nd4 Qd2 0-1

[Event "12. OSIJEK OPEN "]
[Site "Osijek"]
[Date "2019.02.22"]
[Round "3.29"]
[White "Borzan, Matej"]
[Black "Cvijanovic, Srecko"]
[Result "0-1"]
[WhiteElo "1494"]
[BlackElo "1835"]
[PlyCount "54"]
[EventDate "2019.02.21"]

1. d4 e6 2. e4 d5 3. exd5 exd5 4. c4 Nf6 5. Nc3 Be7 6. Nf3 O-O 7. Be2 dxc4 8.
Bxc4 Bg4 9. Be3 Nbd7 10. O-O Nb6 11. Be2 c6 12. h3 Bf5 13. Bd3 Qc8 14. Re1 Bd6
15. Bxf5 Qxf5 16. Nh4 Qd7 17. Qf3 Rfe8 18. Nf5 Bf8 19. Bg5 Re6 20. Re3 Nfd5 21.
Nxd5 Nxd5 22. Re2 Rxe2 23. Qg4 Qe6 24. h4 g6 25. Nh6+ Bxh6 26. Qxe6 Rxe6 27.
Bxh6 Re2 0-1

[Event "12. OSIJEK OPEN"]
[Site "Osijek"]
[Date "2019.02.22"]
[Round "3.30"]
[White "Marjanovic, Gyorgy"]
[Black "Raguz, Ivanka"]
[Result "1-0"]
[WhiteElo "2034"]
[BlackElo "1669"]
[PlyCount "55"]
[EventDate "2019.02.21"]

1. e4 e5 2. Nf3 Nc6 3. Bb5 a6 4. Bxc6 dxc6 5. O-O Qd6 6. Na3 b5 7. c3 Bg4 8.
Re1 O-O-O 9. Nc2 h5 10. a4 Qf6 11. axb5 cxb5 12. d4 exd4 13. cxd4 Be7 14. h3 g5
15. hxg4 hxg4 16. Ne5 Nh6 17. Nxg4 Qe6 18. Nxh6 Rxh6 19. d5 Qe5 20. Qg4+ Kb7
21. g3 Rdh8 22. Kf1 Rh1+ 23. Ke2 R1h2 24. Be3 Qxb2 25. Rec1 Bf6 26. Qd7 Qe5 27.
Qc6+ Kc8 28. Rxa6 1-0

[Event "12. OSIJEK OPEN"]
[Site "Osijek"]
[Date "2019.02.22"]
[Round "3.31"]
[White "Zorman, Antun"]
[Black "Perci, Franjo"]
[Result "1/2-1/2"]
[WhiteElo "1918"]
[BlackElo "1662"]
[PlyCount "93"]
[EventDate "2019.02.21"]

1. e4 g6 2. f4 e6 3. Nf3 Bg7 4. d4 d5 5. e5 Ne7 6. Bd3 b6 7. c3 c5 8. b3 Ba6 9.
Ba3 Bxd3 10. Qxd3 Nd7 11. Nbd2 O-O 12. h4 h5 13. Ng5 Nf5 14. g4 hxg4 15. O-O-O
Rc8 16. Kb1 c4 17. bxc4 dxc4 18. Nxc4 Rxc4 19. Bxf8 Qc8 20. Bxg7 Rxc3 21. Rc1
Rxd3 22. Rxc8+ Kxg7 23. Rc7 Rxd4 24. h5 g3 25. hxg6 Kxg6 26. Rg1 Nxe5 27. Nxe6
fxe6 28. fxe5 Re4 29. Rxa7 Rxe5 30. Ra6 Kg5 31. Rxb6 Kg4 32. a4 Kf3 33. Ka2
Re2+ 34. Ka3 Kf2 35. Rbb1 g2 36. a5 Rd2 37. Rbe1 Nd4 38. Rd1 Rxd1 39. Rxd1 g1=Q
40. Rxg1 Kxg1 41. a6 Nc6 42. Ka4 e5 43. Kb5 Na7+ 44. Kb6 e4 45. Kxa7 e3 46. Kb8
e2 47. a7 1/2-1/2

[Event "12. OSIJEK OPEN "]
[Site "Osijek"]
[Date "2019.02.22"]
[Round "3.32"]
[White "Skocibusic, Ivo"]
[Black "Martinovic, Josip"]
[Result "0-1"]
[WhiteElo "1907"]
[BlackElo "1623"]
[PlyCount "64"]
[EventDate "2019.02.21"]

1. Nf3 Nf6 2. g3 g6 3. Bg2 Bg7 4. d3 d6 5. O-O O-O 6. e4 c5 7. Nbd2 Nc6 8. a4
Bg4 9. h3 Bd7 10. Kh2 Qc7 11. Nc4 Nh5 12. Kg1 f5 13. exf5 gxf5 14. Ng5 Nf6 15.
Ne3 e6 16. h4 h6 17. Nh3 Ne5 18. Nf4 Rae8 19. b3 Bc6 20. f3 Qf7 21. Bb2 Nh5 22.
Nxh5 Qxh5 23. Ra2 Qg6 24. Kh2 f4 25. gxf4 Rxf4 26. Bxe5 Rxh4+ 27. Kg1 Bxe5 28.
Kf2 Qg3+ 29. Ke2 Rh2 30. Qe1 Rxg2+ 31. Nxg2 Qxg2+ 32. Ke3 Bd4+ 0-1

[Event "12. OSIJEK OPEN "]
[Site "Osijek"]
[Date "2019.02.22"]
[Round "3.34"]
[White "Mikic, Ivana"]
[Black "Markovic, Marko"]
[Result "1-0"]
[WhiteElo "1812"]
[BlackElo "1489"]
[PlyCount "53"]
[EventDate "2019.02.21"]

1. e4 c5 2. Nf3 Nc6 3. d4 cxd4 4. Nxd4 g6 5. c4 Bg7 6. Be3 Nf6 7. Nc3 O-O 8.
Be2 e6 9. Ndb5 Qe7 10. O-O Rd8 11. Nd6 Bf8 12. Bc5 Ne8 13. Nxb7 d6 14. Nxd8
Qxd8 15. Be3 Bg7 16. Qd2 Bb7 17. Rfd1 Rc8 18. Nb5 Ne5 19. Rac1 Bxe4 20. f3 Rxc4
21. Bxc4 Bxf3 22. Be2 Bc6 23. Nxd6 Nxd6 24. Qxd6 Qc7 25. Qxc7 Bxg2 26. Rd8+ Bf8
27. Qc5 1-0

[Event "12. OSIJEK OPEN "]
[Site "Osijek"]
[Date "2019.02.22"]
[Round "3.36"]
[White "Perko, Bartol"]
[Black "Pralija, Marin"]
[Result "0-1"]
[WhiteElo "1445"]
[BlackElo "1693"]
[PlyCount "104"]
[EventDate "2019.02.21"]

1. d4 c6 2. e4 d5 3. e5 Bf5 4. Ne2 h6 5. Ng3 Bg6 6. Bd3 Bxd3 7. Qxd3 e6 8. f4
g6 9. O-O Bg7 10. Bd2 Ne7 11. Bb4 a5 12. Bd6 Nc8 13. Ba3 b5 14. c3 Na6 15. b3
b4 16. Bb2 O-O 17. c4 c5 18. Rd1 Ne7 19. Nd2 Nc6 20. Nf3 cxd4 21. Nxd4 Nxd4 22.
Bxd4 dxc4 23. Qxc4 Qh4 24. Bf2 Qe7 25. Qb5 Nc7 26. Qc6 Rfc8 27. Rd7 Ra6 28.
Rxc7 Rxc6 29. Rxe7 g5 30. Be3 Rc3 31. Re1 Bf8 32. Rd7 Rxe3 33. Rxe3 Bc5 34.
Rdd3 gxf4 35. Nf1 fxe3 36. Nxe3 Bxe3+ 37. Rxe3 Rc2 38. h4 Rxa2 39. g4 Rc2 40.
g5 hxg5 41. hxg5 Rc3 42. Kf2 Kg7 43. Rxc3 bxc3 44. Ke3 Kg6 45. Kd3 Kxg5 46.
Kxc3 Kf5 47. Kc4 Kxe5 48. Kb5 f5 49. Kxa5 f4 50. b4 f3 51. b5 f2 52. b6 f1=Q
0-1

[Event "12. OSIJEK OPEN "]
[Site "Osijek"]
[Date "2019.02.22"]
[Round "3.37"]
[White "Fures, Ivica"]
[Black "Rogulja, Nikola"]
[Result "1-0"]
[WhiteElo "1871"]
[BlackElo "1352"]
[PlyCount "65"]
[EventDate "2019.02.21"]

1. d4 d5 2. c4 Nf6 3. Nc3 e6 4. Nf3 c5 5. e3 Nc6 6. a3 a6 7. dxc5 Bxc5 8. b4
Be7 9. Be2 O-O 10. O-O dxc4 11. Bxc4 b5 12. Be2 Bb7 13. Bb2 Qc7 14. h3 Rfd8 15.
Qc2 Rd7 16. Rfd1 Rad8 17. Rxd7 Rxd7 18. Rd1 Rxd1+ 19. Nxd1 Nd5 20. Bd3 g6 21.
e4 Nf6 22. Qc3 Qf4 23. Bc1 Qc7 24. Ne3 e5 25. Nd5 Qd8 26. Nxe7+ Nxe7 27. Nd2
Qd6 28. f3 Nd7 29. Nb3 Nc6 30. Be3 Qe6 31. Nc5 Nxc5 32. Qxc5 Qb3 33. Bh6 1-0